Michal Šarafín. Architektúra vidieka : tematická výstava, výber z diela 1992-2012
Guardado en:
| Formato: | Libro |
|---|---|
| Publicado: |
Bratislava :
STU v Bratislave FA,
2013
|
| Materias: | |
| Etiquetas: |
Sin Etiquetas, Sea el primero en etiquetar este registro!
|
MARC
| LEADER | 00000nam a22000003a 4500 | ||
|---|---|---|---|
| 001 | stu262558 | ||
| 005 | 20150311123312.9 | ||
| 008 | 130212s2013----------------------------d | ||
| 020 | |a 978-80-227-3856-9 | ||
| 040 | |a STU |b slo | ||
| 041 | 0 | ||
| 245 | |a Michal Šarafín. Architektúra vidieka : |b tematická výstava, výber z diela 1992-2012 | ||
| 260 | |a Bratislava : |b STU v Bratislave FA, |c 2013 | ||
| 300 | |a 23 s | ||
| 650 | 7 | |a Šarafín, Michal |2 stusub | |
| 650 | 7 | |a architekti slovenskí |2 stusub | |
| 650 | 7 | |a architektúra vidieka |2 stusub | |
| 650 | 7 | |a vidiek |2 stusub | |
| 650 | 7 | |a dedina |2 stusub | |
| 996 | |b 284AU05608 |c A*8370 U |l AAKNST |s P |a 0 |w stu262558_0001 | ||
| 996 | |b 284AU05609 |c A*8371 U |l AAKNAR |s A |a 24 |w stu262558_0002 | ||
| 996 | |b 284AU06353 |c A*9291 U |l AAKNAR |s A |a 24 |w stu262558_0003 | ||